Từ điển trái đất và thiên văn học Anh - Việt Khoảng 65.000 thuật ngữ
v.v...
Đã lưu trong:
| Tác giả chính: | |
|---|---|
| Định dạng: | Sách |
| Năm xuất bản: |
H.
Khoa học và kỹ thuật
2005
|
| Chủ đề: | |
| Tags: |
Thêm thẻ
Không có thẻ, Hãy là người đầu tiên gắn thẻ bản ghi này!
|
| LEADER | 02269nam a2200313 4500 | ||
|---|---|---|---|
| 082 | |a 520.3 |b T550đ | ||
| 100 | |a Hoàng Chất | ||
| 242 | |a English - Vietnamese dictionary of earth science and astronomy | ||
| 245 | |a Từ điển trái đất và thiên văn học Anh - Việt |c Hoàng Chất, Nguyễn Điền, Trần Đình Hiển; Nguyễn Văn Ân,... hiệu đính |b Khoảng 65.000 thuật ngữ | ||
| 260 | |a H. |b Khoa học và kỹ thuật |c 2005 | ||
| 300 | |a 1052 tr. |c 24 cm | ||
| 520 | |a v.v... | ||
| 653 | |a Thiên văn học | ||
| 653 | |a Trái đất | ||
| 653 | |a Tiếng Anh | ||
| 653 | |a Tiếng Việt | ||
| 653 | |a Từ điển | ||
| 942 | |2 ddc |c STK0 | ||
| 999 | |c 3847 |d 3847 | ||
| 952 | |0 0 |1 0 |2 ddc |4 0 |6 520_300000000000000_T550Đ |7 1 |8 500 |9 39054 |a qbu |b qbu |c D4 |d 2014-12-17 |g 220000 |o 520.3 T550đ |p 3080.c1 |r 0000-00-00 |w 2014-12-17 |y STK0 | ||
| 952 | |0 0 |1 0 |2 ddc |4 0 |6 520_300000000000000_T550Đ |7 0 |8 500 |9 39055 |a qbu |b qbu |c D4 |d 2014-12-17 |g 220000 |o 520.3 T550đ |p 3080.c2 |r 0000-00-00 |w 2014-12-17 |y STK0 | ||
| 952 | |0 0 |1 0 |2 ddc |4 0 |6 520_300000000000000_T550Đ |7 0 |8 500 |9 39056 |a qbu |b qbu |c D4 |d 2014-12-17 |g 220000 |o 520.3 T550đ |p 3080.c3 |r 0000-00-00 |w 2014-12-17 |y STK0 | ||
| 952 | |0 0 |1 0 |2 ddc |4 0 |6 520_300000000000000_T550Đ |7 0 |8 500 |9 39057 |a qbu |b qbu |c D4 |d 2014-12-17 |g 220000 |o 520.3 T550đ |p 3080.c4 |r 0000-00-00 |w 2014-12-17 |y STK0 | ||
| 952 | |0 0 |1 0 |2 ddc |4 0 |6 520_300000000000000_T550Đ |7 0 |8 500 |9 39058 |a qbu |b qbu |c D4 |d 2014-12-17 |g 220000 |o 520.3 T550đ |p 3080.c5 |r 0000-00-00 |w 2014-12-17 |y STK0 | ||
| 952 | |0 0 |1 0 |2 ddc |4 0 |6 520_300000000000000_T550Đ |7 0 |8 500 |9 39059 |a qbu |b qbu |c D4 |d 2014-12-17 |g 220000 |o 520.3 T550đ |p 3080.c6 |r 0000-00-00 |w 2014-12-17 |y STK0 | ||
| 952 | |0 0 |1 0 |2 ddc |4 0 |6 520_300000000000000_T550Đ |7 0 |8 500 |9 39060 |a qbu |b qbu |c D4 |d 2014-12-17 |g 220000 |o 520.3 T550đ |p 3080.c7 |r 0000-00-00 |w 2014-12-17 |y STK0 | ||
| 952 | |0 0 |1 0 |2 ddc |4 0 |6 520_300000000000000_T550Đ |7 0 |8 500 |9 39061 |a qbu |b qbu |c D4 |d 2014-12-17 |g 220000 |o 520.3 T550đ |p 3080.c8 |r 0000-00-00 |w 2014-12-17 |y STK0 | ||
| 952 | |0 0 |1 0 |2 ddc |4 0 |6 520_300000000000000_T550Đ |7 0 |8 500 |9 39062 |a qbu |b qbu |c D4 |d 2014-12-17 |g 220000 |o 520.3 T550đ |p 3080.c9 |r 0000-00-00 |w 2014-12-17 |y STK0 | ||
| 952 | |0 0 |1 0 |2 ddc |4 0 |6 520_300000000000000_T550Đ |7 0 |8 500 |9 39063 |a qbu |b qbu |c D4 |d 2014-12-17 |g 220000 |o 520.3 T550đ |p 3080.c10 |r 0000-00-00 |w 2014-12-17 |y STK0 | ||